Discovery guide Night Sky / (Record no. 181362)
[ view plain ]
| 000 -LEADER | |
|---|---|
| fixed length control field | 00553 a2200181 4500 |
| 003 - CONTROL NUMBER IDENTIFIER | |
| control field | Nust |
| 005 - DATE AND TIME OF LATEST TRANSACTION | |
| control field | 20221125115901.0 |
| 020 ## - INTERNATIONAL STANDARD BOOK NUMBER | |
| International Standard Book Number | 0861014952 |
| 040 ## - CATALOGING SOURCE | |
| Transcribing agency | Nust |
| 082 ## - DEWEY DECIMAL CLASSIFICATION NUMBER | |
| Classification number | 520,BRI |
| 100 ## - MAIN ENTRY--PERSONAL NAME | |
| Personal name | Jones,Brian |
| 9 (RLIN) | 103598 |
| 245 ## - TITLE STATEMENT | |
| Title | Discovery guide Night Sky / |
| Statement of responsibility, etc. | Brian. Jones |
| 260 ## - PUBLICATION, DISTRIBUTION, ETC. | |
| Place of publication, distribution, etc. | New York |
| Name of publisher, distributor, etc. | Salamander Book |
| Date of publication, distribution, etc. | 1990. |
| 300 ## - PHYSICAL DESCRIPTION | |
| Extent | 59:p |
| 505 ## - FORMATTED CONTENTS NOTE | |
| Formatted contents note | Introduction (Page-6), The Solar Systems (Page-10), The Stars (Page-34), Other Deep Sky Objects (Page-46), Star Charts (Page-54). |
| 650 ## - SUBJECT ADDED ENTRY--TOPICAL TERM | |
| Topical term or geographic name entry element | Night Sky |
| 9 (RLIN) | 103599 |
| 942 ## - ADDED ENTRY ELEMENTS (KOHA) | |
| Source of classification or shelving scheme | |
| Koha item type | Book |
| Call number prefix | 520,BRI |
| Withdrawn status | Lost status | Source of classification or shelving scheme | Damaged status | Not for loan | Permanent Location | Current Location | Shelving location | Date acquired | Full call number | Barcode | Date last seen | Price effective from | Koha item type | Public note |
|---|---|---|---|---|---|---|---|---|---|---|---|---|---|---|
| Military College of Signals (MCS) | Military College of Signals (MCS) | General Stacks | 12/12/2016 | 520,BRI | MCS2045 | 12/08/2016 | 12/12/2016 | Book | Almirah No. 15 Shelf No. 1 |
